Caras negras / (Record no. 177735)

MARC details
000 -LEADER
campo de control de longitud fija 00875nam a22002535i 4500
001 - NÚMERO DE CONTROL
campo de control 177735
003 - IDENTIFICADOR DE NÚMERO DE CONTROL
campo de control ES-MaACL
005 - FECHA Y HORA DE LA ÚLTIMA TRANSACCIÓN
campo de control 20240418144925.0
008 - DATOS DE LONGITUD FIJA--INFORMACIÓN GENERAL
campo de control de longitud fija 110415s1955 sp |||| | spa d
080 ## - NÚMERO DE LA CLASIFICACIÓN DECIMAL UNIVERSAL
Número de la Clasificación Decimal Universal 821.134.2-31"19"(082.2)
100 1# - ENTRADA PRINCIPAL--NOMBRE DE PERSONA
Nombre de persona García Miñor, Antonio.
9 (RLIN) 54954
245 10 - MENCIÓN DEL TÍTULO
Título Caras negras /
Mención de responsabilidad, etc. Antonio García Miñor .
Resto del título Tenías razón, capitán / Gabriel Baldrich . Robo con escalo / Emilio Ortiz Ramírez.
260 ## - PUBLICACIÓN, DISTRIBUCIÓN, ETC.
Lugar de publicación, distribución, etc. Madrid :
Nombre del editor, distribuidor, etc. Aguilar,
Fecha de publicación, distribución, etc. 1955.
300 ## - DESCRIPCIÓN FÍSICA
Extensión 532 p. ;
Dimensiones 20 cm.
490 1# - MENCIÓN DE SERIE
Mención de serie Nova navis ;
Designación de volumen o secuencia 1
650 04 - PUNTO DE ACCESO ADICIONAL DE MATERIA--TÉRMINO DE MATERIA
Término de materia o nombre geográfico como elemento de entrada Novela española-
Subdivisión cronológica S.XX
9 (RLIN) 15636
700 1# - ENTRADA AGREGADA--NOMBRE PERSONAL
Nombre de persona Baldrich, Gabriel.
9 (RLIN) 146205
700 1# - ENTRADA AGREGADA--NOMBRE PERSONAL
Nombre de persona Ortiz Ramírez, Emilio.
9 (RLIN) 87640
740 02 - ENTRADA AGREGADA--TÍTULO RELACIONADO/ANALÍTICO NO CONTROLADO
Título relacionado o analítico no controlado Tenías razón, capitán.
740 02 - ENTRADA AGREGADA--TÍTULO RELACIONADO/ANALÍTICO NO CONTROLADO
Título relacionado o analítico no controlado Robo con escalo.
830 1# - PUNTO DE ACCESO ADICIONAL DE SERIE-TÍTULO UNIFORME
Título uniforme Nova navis ;
Designación de volumen o secuencia 1
9 (RLIN) 190579
852 ## - LOCALIZACIÓN
Ubicación ES-MaACL
Número de control de estantería E-14934
Encuadernación Olim P-259
Holdings
Estatus retirado Estado de pérdida Estado de daño No para préstamo Biblioteca de origen Biblioteca actual Ubicación en estantería Fecha de adquisición Fuente de adquisición Total de préstamos Signatura topográfica completa Código de barras Visto por última vez Precio de reemplazo Tipo de ítem Koha
        Biblioteca del Ateneo de Madrid Biblioteca del Ateneo de Madrid Depósito 2 15/04/2011     E-14934 1186715 23/02/2023 23/02/2023 Libro impreso